| 000 | 00734nam a2200253 a 4500 | ||
|---|---|---|---|
| 001 | 42591 | ||
| 003 | BD-RjUL | ||
| 005 | 20211209053549.0 | ||
| 008 | 160614s1970 enk b 001 0 eng | ||
| 020 | _a043301525 (cloth) | ||
| 020 | _a033301533 (paper) | ||
| 035 | _a(BD-RjUL)42709 | ||
| 040 |
_aDLC _cDLC _dm.c _dBD-RjUL _beng |
||
| 041 | _aeng | ||
| 082 |
_223 _a330.09 _bROF 1970 |
||
| 100 | 1 |
_aRobinson, Joan _9130900 |
|
| 245 | 1 | 0 |
_aFreedom and necessity : _ban introduction to the study of society / _cJoan Robinson. |
| 260 |
_aLondon : _bG. Allen & Unwin, _c1970. |
||
| 300 |
_a128 p. ; _c19 cm. |
||
| 500 | _aIncludes Index | ||
| 650 | 0 |
_aEconomic history. _9130941 |
|
| 650 | 0 |
_aSocial history. _9130942 |
|
| 942 |
_2ddc _cBK |
||
| 999 |
_c42591 _d42591 |
||